Library Banner

Fiasco : (Record no. 90219)

MARC details
000 -LEADER
fixed length control field 00465nam a22001697a 4500
005 - DATE AND TIME OF LATEST TRANSACTION
control field 20170118113420.0
008 - FIXED-LENGTH DATA ELEMENTS--GENERAL INFORMATION
fixed length control field 170118b xxu||||| |||| 00| 0 eng d
020 ## - INTERNATIONAL STANDARD BOOK NUMBER
International Standard Book Number 159420103X
040 ## - CATALOGING SOURCE
Transcribing agency PK-LaUMT
082 ## - DEWEY DECIMAL CLASSIFICATION NUMBER
Classification number 956.70443
Item number RIC-F
100 ## - MAIN ENTRY--PERSONAL NAME
Personal name Ricks, Thomas E.
245 ## - TITLE STATEMENT
Title Fiasco :
Remainder of title the American military adventure in Iraq
Statement of responsibility, etc Thomas E. Ericks
260 ## - PUBLICATION, DISTRIBUTION, ETC. (IMPRINT)
Place of publication, distribution, etc New York :
Name of publisher, distributor, etc The Penguin Press,
Date of publication, distribution, etc 2006
300 ## - PHYSICAL DESCRIPTION
Extent 482 p.
650 ## - SUBJECT ADDED ENTRY--TOPICAL TERM
Topical term or geographic name as entry element Iraq war 2003-
942 ## - ADDED ENTRY ELEMENTS (KOHA)
Koha item type Books
Holdings
Withdrawn status Lost status Damaged status Home library Current library Date acquired Full call number Barcode Date last seen Price effective from Koha item type
      UMT Main Campus UMT Main Campus 2017-01-18 956.70443 RIC-F 105079 2022-10-18 2017-01-18 Books